Normal view
MARC view
- BERLIN, HOWARD M , GETZ, F. C
Entry Personal Name
001 - CONTROL NUMBER
- control field: 65503
003 - CONTROL NUMBER IDENTIFIER
- control field: NUST
005 - DATE AND TIME OF LATEST TRANSACTION
- control field: 20210628203438.0
008 - FIXED-LENGTH DATA ELEMENTS
- fixed length control field: 210628|| aca||aabn | a|a d
040 ## - CATALOGING SOURCE
- Original cataloging agency: NUST
- Transcribing agency: NUST
100 ## - HEADING--PERSONAL NAME
- Personal name: BERLIN, HOWARD M , GETZ, F. C
670 ## - SOURCE DATA FOUND
- Source citation: Work cat.: (NUST): BERLIN, HOWARD M , GETZ, F. C, PRINCIPLES OF ELECTRONIC INSTRUMENTATION AND MEASUREMENT, 1988
